Southville International School and Colleges
Your cart is empty.
  • Cart
  • Lists
    Public lists Eva Luna New books Lux_list list_1
    Your lists Log in to create your own lists
  • Log in to your account
  • Your cookies
  • Search history
Southville International School and Colleges
  • Advanced search
  • Recent comments
  • Most popular
  • Libraries

Log in to your account

Log in with GOOGLE


If you do not have an external account, but do have a local account, you can still log in:

  1. Home
  2. MARC view: Time-limited art psychotherapy :
Normal view MARC view ISBD view

Time-limited art psychotherapy : (Record no. 295572)

[ view plain ]
MARC details
000 -LEADER
fixed length control field 00530nam a22001577a 4500
003 - CONTROL NUMBER IDENTIFIER
control field SISC
005 - DATE AND TIME OF LATEST TRANSACTION
control field 20160602134210.0
008 - FIXED-LENGTH DATA ELEMENTS--GENERAL INFORMATION
fixed length control field 160602b xxu||||| |||| 00| 0 eng d
020 ## - INTERNATIONAL STANDARD BOOK NUMBER
International Standard Book Number 9780415834773
050 ## - LIBRARY OF CONGRESS CALL NUMBER
Classification number RC 440
Item number .T583 2016
245 ## - TITLE STATEMENT
Title Time-limited art psychotherapy :
Remainder of title developments in theory and practice /
Statement of responsibility, etc edited by Rose Hughes.
260 ## - PUBLICATION, DISTRIBUTION, ETC. (IMPRINT)
Place of publication, distribution, etc NY :
Name of publisher, distributor, etc Routledge,
Date of publication, distribution, etc 2016.
300 ## - PHYSICAL DESCRIPTION
Extent xv, 227 pages :
Other physical details illustrations (some color) ;
Dimensions 25 cm.
500 ## - GENERAL NOTE
General note Includes bibliographical references and index.
942 ## - ADDED ENTRY ELEMENTS (KOHA)
Source of classification or shelving scheme Library of Congress Classification
Koha item type Books
Holdings
Withdrawn status Lost status Source of classification or shelving scheme Damaged status Home library Current library Shelving location Date acquired Source of acquisition Cost, normal purchase price Sub Shelving location Total Checkouts Total Renewals Full call number Barcode Date last seen Date checked out Price effective from Koha item type
    Library of Congress Classification   College Library College Library Graduate Section 06/02/2016 Library Fund 3187.00   1 1 RC 440 .T583 2016 C20574 03/01/2021 11/24/2020 06/02/2016 Books

Time-limited art psychotherapy :

APA

(2016). Time-limited art psychotherapy. NY: Routledge.

Chicago

2016. Time-limited art psychotherapy. NY: Routledge.

Harvard

(2016). Time-limited art psychotherapy. NY: Routledge.

MLA

Time-limited art psychotherapy. NY: Routledge. 2016.

  • Place hold
  • Print
  • Cite
  • Add to your cart (remove)
  • Save record
    BIBTEX Dublin Core MARCXML MARC (non-Unicode/MARC-8) MARC (Unicode/UTF-8) MARC (Unicode/UTF-8, Standard) MODS (XML) RIS
  • More searches
    Search for this title in:
    Other Libraries (WorldCat) Other Databases (Google Scholar) Online Stores (Bookfinder.com) Open Library (openlibrary.org)

Exporting to Dublin Core...

SOUTHVILLE LIBRARY

Southville International School and Colleges Library

1281 Tropical Ave. Cor. Luxembourg St., BF Homes International, Las Pinas City

Tel. No. 8256374 / 252358 Loc. 117/146

Powered by Koha